Modelo de calidad integral : en la búsqueda del magis universitario /
Zapisane w:
| Korporacja: | |
|---|---|
| Kolejni autorzy: | |
| Format: | Książka |
| Język: | hiszpański |
| Hasła przedmiotowe: | |
| Etykiety: |
Nie ma etykietki, Dołącz pierwszą etykiete!
|
MARC
| LEADER | 00000nam^a2200000^a^4500 | ||
|---|---|---|---|
| 001 | 000183901 | ||
| 005 | 20250521000000.0 | ||
| 009 | 20260310102058.134 | ||
| 037 | |a Acervo ITESO - Biblioteca | ||
| 041 | |a ESP | ||
| 082 | |a 378. 72352 |b ITESO-ra 1996 | ||
| 110 | |a ITESO. |b Comisión Permanente para el Mejoramiento de la Calidad | ||
| 245 | 1 | 0 | |a Modelo de calidad integral : |b en la búsqueda del magis universitario / |c Presen de. P.H. Posada Velázquez. |
| 264 | |a Guadalajara, México : |b ITESO, |c 1996? | ||
| 300 | |a 1 folleto (21 p.) | ||
| 336 | |a texto |b txt |2 rdacontenido | ||
| 337 | |a sin mediación |b n |2 rdamedio | ||
| 338 | |a volumen |b nc |2 rdasoporte | ||
| 649 | |a XX | ||
| 650 | |a Calidad de la Educación - |z Guadalajara, Jalisco - |x Tema Principal | ||
| 650 | |a Calidad de la Educación - |z Jalisco | ||
| 650 | |a Calidad de la Educación - |z México | ||
| 650 | |a Círculos de Calidad | ||
| 650 | |a Práctica Educativa - |z Guadalajara, Jalisco | ||
| 650 | |a Práctica Educativa - |z Jalisco | ||
| 650 | |a Práctica Educativa - |z México | ||
| 650 | |a Proceso Educativo - |z Guadalajara, Jalisco | ||
| 650 | |a Proceso Educativo - |z Jalisco | ||
| 650 | |a Proceso Educativo - |z México | ||
| 650 | |a Currículo - |z Guadalajara, Jalisco | ||
| 650 | |a Pedagogía Ignaciana | ||
| 650 | |a Currículo - |z Jalisco | ||
| 650 | |a Currículo - |z México | ||
| 650 | |a Modernización Educativa - |z Guadalajara, Jalisco | ||
| 650 | |a Modernización Educativa - |z Jalisco | ||
| 650 | |a Modernización Educativa - |z México | ||
| 650 | |a Reforma Educativa - |z Guadalajara, Jalisco | ||
| 650 | |a Reforma Educativa - |z Jalisco | ||
| 650 | |a Reforma Educativa - |z México | ||
| 650 | |a Eficiencia Terminal - |z Guadalajara, Jalisco | ||
| 650 | |a Eficiencia Terminal - |z Jalisco | ||
| 650 | |a Eficiencia Terminal - |z México | ||
| 650 | |a Planeación Educativa - |z Guadalajara, Jalisco - |x Tema Principal | ||
| 650 | |a Planeación Educativa - |z Jalisco | ||
| 650 | |a Planeación Educativa - |z México | ||
| 650 | |a Planeación Estratégica - |z Guadalajara, Jalisco | ||
| 650 | |a Planeación Estratégica - |z Jalisco | ||
| 650 | |a Planeación Estratégica - |z México | ||
| 650 | |a Administración Educativa - |z Guadalajara, Jalisco | ||
| 650 | |a Administración Educativa - |z Jalisco | ||
| 650 | |a Administración Educativa - |z México | ||
| 650 | |a ITESO - |x Tema Principal | ||
| 650 | |a Universidades Privadas - |z Guadalajara, Jalisco | ||
| 650 | |a Universidades Privadas - |z Jalisco | ||
| 650 | |a Universidades Privadas - |z México | ||
| 650 | |a Universidades Católicas - |z Guadalajara, Jalisco | ||
| 650 | |a Universidades Católicas - |z Jalisco | ||
| 650 | |a Universidades Católicas - |z México | ||
| 650 | |a Instituciones Educativas - |z Guadalajara, Jalisco | ||
| 650 | |a Instituciones Educativas - |z Jalisco | ||
| 650 | |a Instituciones Educativas - |z México | ||
| 650 | |a Educación Privada - |z Guadalajara, Jalisco | ||
| 650 | |a Educación Privada - |z Jalisco | ||
| 650 | |a Educación Privada - |z México | ||
| 650 | |a Educación Formal - |z Guadalajara, Jalisco | ||
| 650 | |a Educación Formal - |z Jalisco | ||
| 650 | |a Educación Formal - |z México | ||
| 650 | |a Educación Superior - |z Guadalajara, Jalisco | ||
| 650 | |a Educación Superior - |z Jalisco | ||
| 650 | |a Educación Superior - |z México | ||
| 700 | |a Posada Velázquez, Pablo Humberto |e (presentación) | ||
| 910 | |a Fondo General | ||
| 920 | |a Impresos - Libros | ||
| 930 | |a Colección General | ||
| 905 | |a 101 | ||
| 901 | |a 0500124529 |b IT2 |c FOL |u 20250521 | ||
| 901 | |a 0500124526 |b IT2 |c FOL |u 20250521 | ||
| 902 | |a https://opac.biblio.iteso.mx/vufind/Record/000183901 | ||